[Event "Pan American-ch U20"]
[Site "Vila Santa Cecilia"]
[Date "2023.11.08"]
[Round "4.7"]
[White "Labussiere, Yago"]
[Black "Reyes Zavaleta, Fabian Ricardo"]
[Result "0-1"]
[WhiteElo "2185"]
[BlackElo "2122"]
[PlyCount "90"]
[EventDate "2023.11.06"]
[EventType "swiss"]
[EventRounds "9"]
[EventCountry "BRA"]
[SourceTitle "CB46_2023"]
[SourceDate "2023.11.15"]
[SourceVersion "1"]
[SourceVersionDate "2023.11.15"]
[SourceQuality "1"]

1. c4 Nf6 2. Nc3 d5 3. cxd5 Nxd5 4. Nf3 g6 5. h4 Bg7 6. h5 Nc6 7. d4 Bf5 8. Rh4 Bf6 9. g4 Bxh4 10. gxf5 e6 11. fxe6 fxe6 12. Qd3 Qe7 13. Qe4 Bf6 14. Bh3 Nxc3 15. bxc3 0-0-0 16. Rb1 Rhe8 17. d5 Bxc3+ 18. Kf1 Na5 19. Qe3 Qf6 20. Qxa7 Rxd5 21. Bg5 Rxg5 22. Nxg5 Qxg5 23. Rd1 Nc6 24. Qa8+ Nb8 25. Rb1 b6 26. Bg2 Kd7 27. Rd1+ Ke7 28. Qb7 Qc5 29. hxg6 hxg6 30. Qe4 Rf8 31. Bf3 Qf5 32. Qh4+ Qf6 33. Qh7+ Qg7 34. Qh4+ g5 35. Qc4 Be5 36. Bg4 Qh6 37. e3 Bd6 38. Ke2 Rf6 39. Qe4 Qg6 40. Qa4 Qh7 41. Rf1 Nd7 42. Bf3 Nc5 43. Qc4 Qh4 44. Bg4 Nd7 45. Qe4 Ne5 0-1

[Event "Hibrido del Sur U2200 op 4th"]
[Site "Tornelo INT"]
[Date "2021.12.17"]
[Round "5"]
[White "Hernandez Mora, Ulises Jose"]
[Black "Reyes Zavaleta, Fabian Ricardo"]
[Result "0-1"]
[WhiteElo "1695"]
[BlackElo "1729"]
[PlyCount "106"]
[EventDate "2021.12.17"]
[EventType "swiss"]
[EventRounds "6"]
[EventCountry "VEN"]
[SourceTitle "CBM 206 Extra"]
[Source "ChessBase"]
[SourceDate "2022.03.31"]
[SourceVersion "1"]
[SourceVersionDate "2022.03.31"]
[SourceQuality "1"]

1. d4 d5 2. Nf3 Nf6 3. Bg5 e6 4. e3 Be7 5. Bd3 b6 6. c3 Bb7 7. Nbd2 Nbd7 8. Qc2 c5 9. Bxf6 Nxf6 10. Bb5+ Nd7 11. Ne5 Bc8 12. Qa4 a6 13. Nc6 Qc7 14. Nxe7 Kxe7 15. Bd3 Bb7 16. 0-0 Nf6 17. Rae1 Ne4 18. Nf3 Rhc8 19. Re2 Qd6 20. Ne5 f6 21. f3 Nxc3 22. bxc3 fxe5 23. dxe5 Qxe5 24. Qh4+ Qf6 25. Qg4 Qxc3 26. Bxh7 Qf6 27. e4 d4 28. e5 Qh6 29. Be4 Bxe4 30. Qxe4 Ra7 31. f4 g6 32. g4 Rd7 33. f5 gxf5 34. gxf5 Rg8+ 35. Kh1 exf5 36. Qf3 d3 37. Ref2 Qe6 38. Qh5 Qg6 39. Qf3 Qg4 40. Qxf5 Qxf5 41. Rxf5 Rg7 42. Rf6 d2 43. Rd1 Rg5 44. Rh6 Rxe5 45. Rh7+ Ke6 46. Rxd7 Re1+ 47. Kg2 Rxd1 48. Rd8 c4 49. h4 c3 50. h5 c2 51. h6 Rg1+ 52. Kxg1 d1Q+ 53. Kg2 Qxd8 0-1

[Event "Hibrido del Sur U2200 op 4th"]
[Site "Tornelo INT"]
[Date "2021.12.17"]
[Round "1"]
[White "Medina Calderon, Victor Manuel"]
[Black "Reyes Zavaleta, Fabian Ricardo"]
[Result "1/2-1/2"]
[WhiteElo "1949"]
[BlackElo "1729"]
[PlyCount "55"]
[EventDate "2021.12.17"]
[EventType "swiss"]
[EventRounds "6"]
[EventCountry "VEN"]
[SourceTitle "CBM 206 Extra"]
[Source "ChessBase"]
[SourceDate "2022.03.31"]
[SourceVersion "1"]
[SourceVersionDate "2022.03.31"]
[SourceQuality "1"]

1. e4 c5 2. Nf3 d6 3. d4 cxd4 4. Nxd4 Nf6 5. Nc3 a6 6. Bg5 e6 7. f4 Be7 8. Qf3 Nbd7 9. 0-0-0 h6 10. Bh4 Qc7 11. g4 g5 12. fxg5 Ne5 13. Qe2 Nfxg4 14. Kb1 hxg5 15. Bg3 Bd7 16. Bg2 0-0-0 17. h3 Nf6 18. Rhf1 Rdf8 19. Nf3 Nh5 20. Bh2 Bc6 21. Qe3 Rhg8 22. Qa7 Nf4 23. Bh1 Nxf3 24. Rxf3 Qb8 25. Qb6 Qc7 26. Qa7 Qb8 27. Qb6 Qc7 28. Qa7 1/2-1/2

[Event "Nonalaya Ricardo Online op"]
[Site "Chess.com INT"]
[Date "2020.07.19"]
[Round "8"]
[White "Baskin, Robert"]
[Black "Reyes Zavaleta, Fabian Ricardo"]
[Result "1-0"]
[WhiteElo "2390"]
[BlackElo "1933"]
[PlyCount "67"]
[EventDate "2020.07.19"]
[EventType "swiss (blitz)"]
[EventRounds "9"]
[EventCountry "PER"]
[SourceTitle "CBM 197 Extra"]
[Source "ChessBase"]
[SourceDate "2020.09.30"]
[SourceVersion "1"]
[SourceVersionDate "2020.09.30"]
[SourceQuality "1"]

1. e4 c5 2. Nf3 d6 3. d4 cxd4 4. Nxd4 Nf6 5. Nc3 a6 6. h3 e5 7. Nb3 Be6 8. Be3 Nbd7 9. g4 Nb6 10. g5 Nfd7 11. Qf3 Be7 12. h4 Nc4 13. Bxc4 Bxc4 14. 0-0-0 b5 15. Nd5 Bxd5 16. exd5 a5 17. Nd2 a4 18. Ne4 Nb6 19. Bxb6 Qxb6 20. h5 0-0 21. Qf5 b4 22. g6 b3 23. a3 bxc2 24. Rd2 Qb3 25. Rh3 Qa2 26. Rxc2 Qa1+ 27. Kd2 Qa2 28. Rd3 Qb1 29. Rg3 Qa2 30. gxf7+ Rxf7 31. Qe6 Re8 32. Rf3 Bg5+ 33. Nxg5 Rxe6 34. Rc8+ 1-0